Statistics for German cars - car quiz #4

Click here to take the quiz!

General Stats

  • This quiz has been taken 41 times
  • The average score is 6 of 8

Answer Stats

Car% Correct
BMW
100%
Audi
97%
Mercedes-Benz
91%
Porsche
88%
Volkswagen
88%
Opel
56%
Smart
21%
MAN
12%

Score Distribution

Percentile by Number Answered

Percent of People with Each Score

Your Score History

You have not taken this quiz